El yo y los mecanismos de defensa / (Registro nro. 26740)
[ vista simple ]
| 000 -LEADER | |
|---|---|
| fixed length control field | 01387cam a2200361 i 4500 |
| 001 - CONTROL NUMBER | |
| control field | 26740 |
| 003 - CONTROL NUMBER IDENTIFIER | |
| control field | Mx-PuUPA |
| 005 - DATE AND TIME OF LATEST TRANSACTION | |
| control field | 20250929134816.0 |
| 008 - FIXED-LENGTH DATA ELEMENTS--GENERAL INFORMATION | |
| fixed length control field | 140415s1961 mx gr 001 0 spa d |
| 020 ## - INTERNATIONAL STANDARD BOOK NUMBER | |
| International Standard Book Number | 968853109X |
| 040 ## - CATALOGING SOURCE | |
| Original cataloging agency | Mx-PuUPA |
| Language of cataloging | spa |
| Transcribing agency | Mx-PuUPA |
| Modifying agency | Mx-PuUPA |
| Description conventions | rda |
| 041 1# - LANGUAGE CODE | |
| Language code of text/sound track or separate title | spa |
| Language code of original | ger |
| 100 1# - MAIN ENTRY--PERSONAL NAME | |
| Personal name | Freud, Anna, |
| Dates associated with a name | 1895-1982 |
| Relator term | autor |
| 9 (RLIN) | 7211 |
| 240 14 - UNIFORM TITLE | |
| Uniform title | Das ich und die abwehrmechanismen. |
| Language of a work | Español |
| 245 10 - TITLE STATEMENT | |
| Title | El yo y los mecanismos de defensa / |
| Statement of responsibility, etc. | Anna Freud ; traducción de Y. P. de Cárcamo y C. E. Cárcamo ; prefacio de Celes E. Carcamo |
| 250 ## - EDITION STATEMENT | |
| Edition statement | 1° edición |
| 264 #1 - PRODUCTION, PUBLICATION, DISTRIBUTION, MANUFACTURE, AND COPYRIGHT NOTICE | |
| Place of production, publication, distribution, manufacture | México, D.F. : |
| Name of producer, publisher, distributor, manufacturer | Editorial Paidós Mexicana, |
| Date of production, publication, distribution, manufacture, or copyright notice | 1961 |
| 300 ## - PHYSICAL DESCRIPTION | |
| Extent | 199 páginas ; |
| Dimensions | 20 cm |
| 336 ## - CONTENT TYPE | |
| Content type term | texto |
| Fuente | rdacontent |
| Content type code | txt |
| 337 ## - MEDIA TYPE | |
| Media type term | sin medio |
| Source | rdamedia |
| Media type code | n |
| 338 ## - CARRIER TYPE | |
| Carrier type term | volumen |
| Source | rdacarrier |
| Carrier type code | nc |
| 490 0# - SERIES STATEMENT | |
| Series statement | Paidós Psicología profunda ; |
| Volume/sequential designation | 67 |
| 500 ## - GENERAL NOTE | |
| General note | Reimpresiones: (2001). |
| 650 #7 - SUBJECT ADDED ENTRY--TOPICAL TERM | |
| Source of heading or term | armarc |
| Topical term or geographic name entry element | Yo, El (Psicología) |
| 700 1# - ADDED ENTRY--PERSONAL NAME | |
| Personal name | Cárcamo, Y. P. de, |
| Relator term | traductor |
| 700 1# - ADDED ENTRY--PERSONAL NAME | |
| Personal name | Cárcamo, C. E., |
| Relator term | traductor |
| 700 1# - ADDED ENTRY--PERSONAL NAME | |
| Personal name | Carcarmo, Celes E., |
| Relator term | prologuista |
| 765 0# - ORIGINAL LANGUAGE ENTRY | |
| Main entry heading | Freud, Anna |
| Title | Das ich und die abwehrmechanismen |
| Place, publisher, and date of publication | Viena : Imago Verlag, [Fecha de publicación no identificada] |
| 942 ## - ADDED ENTRY ELEMENTS (KOHA) | |
| Source of classification or shelving scheme | Dewey Decimal Classification |
| Koha item type | Libro |
| Classification part | 155.2 |
| Item part | F8418 |
| Withdrawn status | Lost status | Source of classification or shelving scheme | Damaged status | Not for loan | Collection code | Home library | Current library | Shelving location | Date acquired | Source of acquisition | Total Checkouts | Total Renewals | Full call number | Barcode | Date last seen | Date last checked out | Price effective from | Koha item type |
|---|---|---|---|---|---|---|---|---|---|---|---|---|---|---|---|---|---|---|
| Dewey Decimal Classification | General | Biblioteca Karol Wojtyla | Biblioteca Karol Wojtyla | Sala general | 03/12/2013 | Compra | 3 | 1 | 155.2 F8418 1961 | 60886 | 05/01/2026 | 01/12/2022 | 03/12/2013 | Libro |